000 00406nam a2200145Ia 4500
008 230917s9999||||xx |||||||||||||| ||und||
040 _e38926
_aMAIN
041 _aEnglish
082 _a822.09 G747R
100 _aGowda, H H Anniah
245 0 _aRevival of English poetic drama in the education and Georgian periods
260 _aBangalore
_bGovernment Press
_c1963
300 _axvi, 322 p.
942 _cBK
999 _c53117
_d53117